[Event "Polanica Zdroj op-D 58th"]
[Site "Polanica Zdroj"]
[Date "2022.08.21"]
[Round "9"]
[White "Latacz, Grzegorz"]
[Black "Rosa, Antoni"]
[Result "1/2-1/2"]
[WhiteElo "1449"]
[BlackElo "1598"]
[PlyCount "48"]
[EventDate "2022.08.13"]
[EventType "swiss"]
[EventRounds "9"]
[EventCountry "POL"]
[SourceTitle "CBM 210 Extra"]
[Source "ChessBase"]
[SourceDate "2022.11.30"]
[SourceVersion "1"]
[SourceVersionDate "2022.11.30"]
[SourceQuality "1"]

1. d4 d5 2. c4 e6 3. Nc3 Nf6 4. cxd5 exd5 5. Bg5 Be7 6. e3 c6 7. Bd3 0-0 8. Qc2 h6 9. Bf4 Be6 10. Nf3 Nbd7 11. h3 c5 12. dxc5 Nxc5 13. 0-0 Rc8 14. Nd4 Nfe4 15. Nxe6 fxe6 16. Nxe4 Nxe4 17. Qe2 Nf6 18. Rac1 Qb6 19. Be5 Rxc1 20. Rxc1 Bd6 21. Bxf6 Rxf6 22. Bb1 Rf7 23. Rc8+ Rf8 24. Rxf8+ Bxf8 1/2-1/2

[Event "Polanica Zdroj op-D 58th"]
[Site "Polanica Zdroj"]
[Date "2022.08.16"]
[Round "4"]
[White "Rosa, Antoni"]
[Black "Kuska, Bartosz"]
[Result "1/2-1/2"]
[WhiteElo "1598"]
[BlackElo "1432"]
[PlyCount "48"]
[EventDate "2022.08.13"]
[EventType "swiss"]
[EventRounds "9"]
[EventCountry "POL"]
[SourceTitle "CBM 210 Extra"]
[Source "ChessBase"]
[SourceDate "2022.11.30"]
[SourceVersion "1"]
[SourceVersionDate "2022.11.30"]
[SourceQuality "1"]

1. c4 e6 2. Nc3 f5 3. d3 Nf6 4. e4 d6 5. g3 Be7 6. Bg2 Nc6 7. Nge2 0-0 8. 0-0 fxe4 9. Nxe4 Nxe4 10. Bxe4 e5 11. Nc3 Bf5 12. Be3 Bxe4 13. Nxe4 Bf6 14. Qh5 Qe8 15. Qd1 Qd7 16. Kg2 Ne7 17. b4 b6 18. Qd2 Nf5 19. Rae1 c5 20. f4 Nxe3+ 21. Rxe3 exf4 22. Rxf4 Bd4 23. Ref3 Rxf4 24. Qxf4 Be5 1/2-1/2

[Event "Rubinstein Memorial op-D 57th"]
[Site "Polanica Zdroj"]
[Date "2021.08.18"]
[Round "5"]
[White "Rosa, Antoni"]
[Black "Kocierz, Pawel"]
[Result "0-1"]
[WhiteElo "1578"]
[BlackElo "1821"]
[PlyCount "50"]
[EventDate "2021.08.14"]
[EventType "swiss"]
[EventRounds "9"]
[EventCountry "POL"]
[SourceTitle "CBM 204 Extra"]
[Source "ChessBase"]
[SourceDate "2021.11.30"]
[SourceVersion "1"]
[SourceVersionDate "2021.11.30"]
[SourceQuality "1"]

1. c4 Nf6 2. Nc3 d5 3. cxd5 Nxd5 4. g3 g6 5. Bg2 Nxc3 6. bxc3 Bg7 7. Nf3 0-0 8. 0-0 c5 9. Rb1 Nc6 10. Ba3 Qa5 11. Qb3 Rb8 12. d4 Be6 13. Qb2 cxd4 14. cxd4 Nxd4 15. Nxd4 Bxd4 16. Qxd4 Qxa3 17. Rxb7 Rxb7 18. Bxb7 Qxa2 19. Ra1 Qxe2 20. Qxa7 Rd8 21. Qa5 Rd2 22. Qa7 Bh3 23. Bf3 Qxf3 24. Qb8+ Kg7 25. Qe5+ Qf6 0-1

[Event "POL-ch U20"]
[Site "Pokrzywna"]
[Date "2020.11.30"]
[Round "2"]
[White "Rosa, Antoni"]
[Black "Karpus, Michal"]
[Result "1/2-1/2"]
[WhiteElo "1416"]
[BlackElo "2311"]
[PlyCount "90"]
[EventDate "2020.11.30"]
[EventType "swiss"]
[EventRounds "9"]
[EventCountry "POL"]
[SourceTitle "CBM 199 Extra"]
[Source "ChessBase"]
[SourceDate "2021.01.31"]
[SourceVersion "1"]
[SourceVersionDate "2021.01.31"]
[SourceQuality "1"]

1. c4 g6 2. Nc3 Bg7 3. g3 e5 4. Bg2 d6 5. e4 f5 6. exf5 gxf5 7. Qh5+ Kf8 8. Nf3 Nf6 9. Qh4 Nc6 10. Nd5 Nxd5 11. Qxd8+ Nxd8 12. cxd5 Bd7 13. 0-0 Bb5 14. Re1 Nf7 15. Nh4 f4 16. a4 Bd7 17. Ra3 Bf6 18. Nf3 Re8 19. d3 Rg8 20. Bd2 h5 21. Kh1 fxg3 22. fxg3 Ke7 23. Be3 a6 24. b4 Kd8 25. Rb1 Rg4 26. Bh3 Rg6 27. Bxd7 Kxd7 28. b5 e4 29. dxe4 Rxe4 30. b6 Rgg4 31. bxc7 Kxc7 32. Rab3 Nd8 33. Bb6+ Kd7 34. Bxd8 Bxd8 35. Rxb7+ Bc7 36. Nd2 Re7 37. Rc1 Kc8 38. Rb6 Re1+ 39. Rxe1 Bxb6 40. Ne4 Bc5 41. h3 Rg7 42. Nxc5 dxc5 43. Kg2 Rg5 44. Rd1 Kd7 45. d6 c4 1/2-1/2

[Event "Rubinstein Memorial-C 55th"]
[Site "Polanica Zdroj"]
[Date "2019.08.18"]
[Round "2"]
[White "Rosa, Antoni"]
[Black "Gromada, Andrzej"]
[Result "1-0"]
[WhiteElo "1528"]
[BlackElo "1721"]
[PlyCount "121"]
[EventDate "2019.08.17"]
[EventType "swiss"]
[EventRounds "9"]
[EventCountry "POL"]
[SourceTitle "EXT 2020"]
[Source "ChessBase"]
[SourceDate "2019.10.17"]
[SourceVersion "1"]
[SourceVersionDate "2019.10.17"]
[SourceQuality "1"]

1. c4 g6 2. Nc3 c5 3. g3 Bg7 4. Bg2 Nc6 5. b3 Nf6 6. Bb2 0-0 7. Nf3 d5 8. cxd5 Nxd5 9. Nh4 Be6 10. Qc1 Rc8 11. Nxd5 Bxd5 12. Bxg7 Kxg7 13. Qb2+ Kg8 14. Rc1 Nd4 15. Rc3 Bxg2 16. Nxg2 Qd5 17. Rg1 Qh5 18. Re3 Qxh2 19. Kf1 Rfe8 20. Re4 Qh3 21. Rh4 Qd7 22. Ne1 e5 23. Rgh1 h5 24. Qc3 Nf5 25. R4h2 Qd4 26. Qf3 e4 27. Qf4 Qg7 28. g4 Nd4 29. gxh5 g5 30. Qg3 f5 31. Qd6 Rc6 32. Qd5+ Qf7 33. Qxf7+ Kxf7 34. h6 Kg8 35. Rh5 Rg6 36. Rg1 Ne6 37. Nc2 f4 38. Na3 Kh7 39. Nc4 Rd8 40. Ne5 Rf6 41. Ke1 Rd5 42. Ng4 Rf8 43. Rh3 b5 44. Nh2 Rd6 45. Ng4 Rf5 46. Rc3 Nd4 47. Rh1 Ra6 48. e3 Nf3+ 49. Ke2 Rxa2 50. Rd1 Nh4 51. Rdc1 f3+ 52. Kd1 Ng6 53. Rxc5 Rf8 54. Rxb5 Rd8 55. Nf6+ Kxh6 56. Nxe4 g4 57. d4 Re8 58. Nf6 Rh8 59. Nxg4+ Kg7 60. Rc7+ Kg8 61. Rb8+ 1-0